[Event "Philadelphia op 16th"]
[Site "Philadelphia"]
[Date "2023.06.27"]
[Round "7"]
[White "Leiva Rodriguez, Jeammarco Giuseppe"]
[Black "Matta, Nicholas F"]
[Result "0-1"]
[WhiteElo "2405"]
[BlackElo "2226"]
[PlyCount "45"]
[EventDate "2023.06.24"]
[EventType "swiss"]
[EventRounds "9"]
[EventCountry "USA"]
[SourceTitle "CBM 215 Extra"]
[Source "ChessBase"]
[SourceDate "2023.09.30"]
[SourceVersion "1"]
[SourceVersionDate "2023.09.30"]
[SourceQuality "1"]

1. e4 e5 2. Bc4 Nf6 3. d3 c6 4. Nf3 d5 5. Bb3 Bb4+ 6. Bd2 Bxd2+ 7. Qxd2 0-0 8. Nc3 Re8 9. Qg5 a5 10. a3 h6 11. Qh4 Na6 12. 0-0 Nc5 13. Ba2 Qd6 14. exd5 cxd5 15. d4 exd4 16. Qxd4 Be6 17. h3 Rad8 18. Rfe1 Nce4 19. Rad1 Qc7 20. Re3 Nd6 21. Qf4 Qc5 22. Nd4 Nde4 23. Nxe6 0-1

[Event "Titled Tuesday intern op 20th Sep Early"]
[Site "Chess.com INT"]
[Date "2022.09.20"]
[Round "4"]
[White "Horak, Martin"]
[Black "Matta, Nicholas F"]
[Result "1-0"]
[WhiteElo "2214"]
[BlackElo "2167"]
[PlyCount "75"]
[EventDate "2022.09.20"]
[EventType "swiss (blitz)"]
[EventRounds "11"]
[EventCountry "USA"]
[SourceTitle "EXT 2023"]
[Source "ChessBase"]
[SourceDate "2022.10.05"]
[SourceVersion "1"]
[SourceVersionDate "2022.10.05"]
[SourceQuality "1"]

1. e4 g6 2. d4 Bg7 3. Nf3 d6 4. Bc4 Nf6 5. Qe2 a6 6. a4 0-0 7. Bb3 c5 8. c3 Nc6 9. d5 Na5 10. Bc2 e6 11. dxe6 Bxe6 12. 0-0 Bc4 13. Bd3 Bxd3 14. Qxd3 c4 15. Qc2 Nb3 16. Ra3 Re8 17. Bg5 Qa5 18. Bxf6 Bxf6 19. Nbd2 Nxd2 20. Nxd2 Qc5 21. Raa1 d5 22. exd5 Qxd5 23. Nf3 Rad8 24. Rad1 Qc6 25. Rxd8 Rxd8 26. Rd1 Rxd1+ 27. Qxd1 b5 28. axb5 axb5 29. h3 b4 30. Nd4 Qd5 31. Qd2 Bxd4 32. cxd4 Qb5 33. d5 c3 34. bxc3 b3 35. c4 Qxc4 36. d6 Qc2 37. Qe1 b2 38. d7 1-0

[Event "Charlotte CCCSA Summer IM-C"]
[Site "Charlotte"]
[Date "2021.07.30"]
[Round "4"]
[White "Matta, Nicholas F"]
[Black "Diulger, Alexey"]
[Result "1-0"]
[WhiteElo "2231"]
[BlackElo "2294"]
[PlyCount "43"]
[EventDate "2021.07.28"]
[EventType "tourn"]
[EventRounds "9"]
[EventCountry "USA"]
[SourceTitle "CBM 203 Extra"]
[Source "ChessBase"]
[SourceDate "2021.09.30"]
[SourceVersion "1"]
[SourceVersionDate "2021.09.30"]
[SourceQuality "1"]

1. d4 d5 2. c4 dxc4 3. Nf3 c5 4. e3 cxd4 5. Bxc4 Qc7 6. Qa4+ Bd7 7. Qb3 Nh6 8. Nxd4 e5 9. Nb5 Qb6 10. N1c3 Na6 11. e4 Nc5 12. Qc2 Ne6 13. Be3 Qa5 14. Rd1 Ng4 15. Rxd7 Nxe3 16. fxe3 Kxd7 17. 0-0 Ke8 18. Qf2 f6 19. Bxe6 a6 20. Nd5 axb5 21. Nxf6+ Kd8 22. Nd5 1-0

[Event "Chesterfield SPICE Cup op"]
[Site "Chesterfield"]
[Date "2020.10.23"]
[Round "6"]
[White "Zaloznyy, Mike"]
[Black "Matta, Nicholas F"]
[Result "0-1"]
[WhiteElo "1989"]
[BlackElo "2177"]
[PlyCount "50"]
[EventDate "2020.10.20"]
[EventType "swiss"]
[EventRounds "9"]
[EventCountry "USA"]
[SourceTitle "EXT 2022"]
[Source "ChessBase"]
[SourceDate "2021.10.06"]
[SourceVersion "1"]
[SourceVersionDate "2021.10.06"]
[SourceQuality "1"]

1. d4 d5 2. e3 Nf6 3. Nf3 e6 4. Bd3 c5 5. 0-0 c4 6. Be2 b5 7. b3 Bb7 8. a4 a6 9. c3 Nbd7 10. Nbd2 Be7 11. Ba3 0-0 12. Qb1 Bxa3 13. Rxa3 b4 14. Ra2 bxc3 15. bxc4 Rb8 16. Nb3 dxc4 17. Bxc4 Qc7 18. Qd3 Rfc8 19. Nc5 Nxc5 20. dxc5 Qxc5 21. Bxa6 Bxa6 22. Qxa6 c2 23. Rc1 Rb1 24. Qf1 Qc4 25. Ra1 Rxa1 0-1

[Event "Titled Tuesday intern op 06th Oct"]
[Site "Chess.com INT"]
[Date "2020.10.06"]
[Round "1"]
[White "Matta, Nicholas F"]
[Black "Goltsev, Dmitry"]
[Result "0-1"]
[WhiteElo "2177"]
[BlackElo "2312"]
[PlyCount "80"]
[EventDate "2020.10.06"]
[EventType "swiss (blitz)"]
[EventRounds "10"]
[EventCountry "USA"]
[SourceTitle "CBM 198 Extra"]
[Source "ChessBase"]
[SourceDate "2020.11.30"]
[SourceVersion "1"]
[SourceVersionDate "2020.11.30"]
[SourceQuality "1"]

1. d4 Nf6 2. c4 e6 3. Nc3 Bb4 4. Qc2 Qe7 5. Bd2 b6 6. e4 Bb7 7. Bd3 d6 8. Qa4+ Nc6 9. d5 exd5 10. cxd5 Bxc3 11. Bxc3 Nxd5 12. Bxg7 Rg8 13. 0-0-0 Nf4 14. Bb5 Qd7 15. Nf3 Rxg7 16. Nd4 a6 17. Bxc6 Bxc6 18. Nxc6 Rxg2 19. e5 Rg4 20. Qc2 Kf8 21. exd6 cxd6 22. Kb1 Rc8 23. Rc1 Ng6 24. Rhd1 Rg5 25. Qd2 Rc5 26. Rxc5 bxc5 27. Qh6+ Kg8 28. Na5 Rb8 29. Nc4 Qf5+ 30. Ka1 Qxf2 31. h4 d5 32. h5 dxc4 33. Qc1 Nf4 34. Rg1+ Kf8 35. h6 Nd3 36. Rg8+ Kxg8 37. Qg5+ Kf8 38. Qg7+ Ke7 39. Qg5+ Qf6 40. Qe3+ Qe5 0-1

[Event "Titled Tuesday intern op 06th Oct"]
[Site "Chess.com INT"]
[Date "2020.10.06"]
[Round "6"]
[White "Matta, Nicholas F"]
[Black "Kalashian, David"]
[Result "0-1"]
[WhiteElo "2177"]
[BlackElo "2398"]
[PlyCount "162"]
[EventDate "2020.10.06"]
[EventType "swiss (blitz)"]
[EventRounds "10"]
[EventCountry "USA"]
[SourceTitle "CBM 198 Extra"]
[Source "ChessBase"]
[SourceDate "2020.11.30"]
[SourceVersion "1"]
[SourceVersionDate "2020.11.30"]
[SourceQuality "1"]

1. d4 Nf6 2. c4 e6 3. Nc3 Bb4 4. Qc2 c5 5. dxc5 0-0 6. Nf3 Na6 7. g3 Nxc5 8. Bg2 b6 9. 0-0 Ba6 10. Na4 Rc8 11. a3 b5 12. axb4 Nxa4 13. c5 Bb7 14. b3 Nb6 15. Rxa7 Be4 16. Qd2 Nbd5 17. Bb2 d6 18. Rc1 dxc5 19. bxc5 b4 20. Be5 Bg6 21. Bd6 Ne4 22. Qb2 Nxd6 23. cxd6 Qxd6 24. Rxc8 Rxc8 25. Ne5 Nc3 26. Nxg6 hxg6 27. Bf3 Qc5 28. Ra1 Rd8 29. Qc2 Qe5 30. Re1 Qd4 31. Kg2 Qd2 32. Rc1 Qxc2 33. Rxc2 Rd1 34. Rb2 Rc1 35. Bc6 f5 36. Ba4 Kf7 37. Rd2 Rd1 38. Rxd1 Nxd1 39. Kf3 Kf6 40. e3 Nc3 41. Bc6 e5 42. Kg2 e4 43. h4 g5 44. hxg5+ Kxg5 45. Kf1 Kf6 46. Bd7 Na2 47. Bb5 Nc3 48. Bc4 Ke5 49. Ke1 g5 50. Kd2 Kd6 51. Ke1 Ke5 52. Kd2 Nb1+ 53. Kc2 Na3+ 54. Kb2 f4 55. Bf7 fxg3 56. fxg3 Nb5 57. Kc2 Nc3 58. Kd2 Nb5 59. Bc4 Nd6 60. Bg8 Nb7 61. Kc2 Nc5 62. Bc4 Nd7 63. Kd2 Nf6 64. Ke2 Nh5 65. Kf2 Ng7 66. Kg2 Ne8 67. Kf2 Nd6 68. Bg8 Nf5 69. Bc4 Nh6 70. Kg2 Ng4 71. Be2 Nxe3+ 72. Kh3 Nd5 73. Kg4 Nc3 74. Kxg5 Nxe2 75. Kh6 Nd4 76. g4 e3 77. g5 e2 78. g6 e1Q 79. g7 Nf5+ 80. Kh7 Qh4+ 81. Kg8 Qe7 0-1